000 00649nam a2200229Ia 4500
003 OSt
005 20220928110252.0
006 a|||||r|||| 00| 0
007 ta
008 220927b |||||||| |||| 00| 0 eng d
024 _a40656
037 _cTextual
040 _aSDCL
_cSDCL
_beng
041 _2eng
_aeng
082 _aO152,1F70,1:g, K8
100 _aAgarwal Deendayaalu
_9418825
245 0 _aPrithveeraj raaso ke paatron ki etihaasikata.
260 _aLucknow
_bVishvavidyalaly Prakashan
_c1968
300 _a454p.
_ccm.
942 _hO152,1F70,1:g, K8
_cTEXL
_2CC
999 _c734842
_d734842